Data And Information Security/ (Record no. 212830)

MARC details
000 -LEADER
fixed length control field 00710nam a22002177a 4500
005 - DATE AND TIME OF LATEST TRANSACTION
control field 20250804141449.0
010 ## - LCCN (DPL NO)
LC control number ENG-146295
020 ## - INTERNATIONAL STANDARD BOOK NUMBER
International Standard Book Number 9789361631153
Terms of availability 250.00
035 ## - SYSTEM CONTROL NUMBER
System control number EN-129827
037 ## - SOURCE OF ACQUISITION
Source of stock number/acquisition DBAD
082 ## - DEWEY DECIMAL CLASSIFICATION NUMBER
Classification number 005.8
Edition number 1
100 ## - MAIN ENTRY--PERSONAL NAME
Personal name B.Rasina Begum
245 ## - TITLE STATEMENT
Title Data And Information Security/
Statement of responsibility, etc B. Rasina Begum; T. Sheik Yousuf [and] B. Syed Rasiyammal
250 ## - EDITION STATEMENT
Edition statement 1
260 ## - PUBLICATION, DISTRIBUTION, ETC. (IMPRINT)
Place of publication, distribution, etc Tamil Nadu
Name of publisher, distributor, etc Shanlax Publications
Date of publication, distribution, etc 2024
270 ## - ADDRESS
Address 61,66 T.P.K Main Road, Vasantha Nagar, Madurai
City Tamil Nadu
Postal code 625003
300 ## - PHYSICAL DESCRIPTION
Extent 118p.
Dimensions 25cm(pb)
700 ## - ADDED ENTRY--PERSONAL NAME
Personal name T. Sheik Yousuf
9 (RLIN) 83657
Relator term Author
700 ## - ADDED ENTRY--PERSONAL NAME
Personal name B. Syed Rasiyammal
Relator term Author
9 (RLIN) 83690
942 ## - ADDED ENTRY ELEMENTS (KOHA)
Source of classification or shelving scheme Dewey Decimal Classification
Item type English Books
Classification part 005.8
Call number suffix BEG
Holdings
Withdrawn status Lost status Not for loan Collection code Home library Current library Date acquired Source of acquisition Cost, normal purchase price Full call number Barcode Copy number Cost, replacement price Koha item type
      Non-fiction Janak Puri Janak Puri 04/08/2025 DBAD 250.00 005.8 BEG EN-129827 1 250.00 English Books

© Delhi Public Library
Hit Counter
free hit counter